000 00291nam a22001337a 4500
008 170616b xxu||||| |||| 00| 0 eng d
020 _a9781111342791
041 _aeng
080 _25TH
_a32
100 _a20
101 _aSHP
245 _aANALYZING POLITICS
_cGRIGSBY,E
942 _2udc
_cBK
999 _c17876
_d17876